Did I See That Before? - Statistics

General Stats
  • This quiz has been taken 12 times
  • The average score is 84 of 125
Answer Stats
Question Tile Select % Correct
the numbers that appear more than once. 17 No
100%
the numbers that appear more than once. 19 No
100%
the numbers that appear more than once. 24 No
100%
the numbers that appear more than once. 25 No
100%
the numbers that appear more than once. 42 No
100%
the numbers that appear more than once. 52 No
100%
the numbers that appear more than once. 58 No
100%
the numbers that appear more than once. 67 No
100%
the numbers that appear more than once. 69 No
100%
the numbers that appear more than once. 71 No
100%
the numbers that appear more than once. 76 No
100%
the numbers that appear more than once. 84 No
100%
the numbers that appear more than once. 85 No
100%
the numbers that appear more than once. 89 No
100%
the numbers that appear more than once. 91 No
100%
the numbers that appear more than once. 66 No
88%
the numbers that appear more than once. 99 No
88%
the letters that appear more than once. B No
88%
the letters that appear more than once. C No
88%
the letters that appear more than once. E No
88%
the letters that appear more than once. F No
88%
the letters that appear more than once. G No
88%
the letters that appear more than once. J No
88%
the letters that appear more than once. K No
88%
the letters that appear more than once. L No
88%
the letters that appear more than once. M No
88%
the letters that appear more than once. N No
88%
the letters that appear more than once. O No
88%
the letters that appear more than once. P No
88%
the letters that appear more than once. R No
88%
the letters that appear more than once. S No
88%
the letters that appear more than once. U No
88%
the letters that appear more than once. W No
88%
the letters that appear more than once. Y No
88%
the symbols that appear more than once. @ No
75%
the symbols that appear more than once. ! No
75%
the symbols that appear more than once. $ No
75%
the symbols that appear more than once. % No
75%
the symbols that appear more than once. ^ No
75%
the symbols that appear more than once. & No
75%
the symbols that appear more than once. * No
75%
the symbols that appear more than once. ) Yes
75%
the symbols that appear more than once. _ No
75%
the symbols that appear more than once. - No
75%
the symbols that appear more than once. + No
75%
the symbols that appear more than once. = No
75%
the symbols that appear more than once. > No
75%
the symbols that appear more than once. ; No
75%
the symbols that appear more than once. " No
75%
the symbols that appear more than once. ' No
75%
the symbols that appear more than once. No
75%
the numbers that appear more than once. 98 Yes
75%
the numbers that appear more than once. 98 Yes
75%
the letters that appear more than once. T Yes
75%
the letters that appear more than once. V Yes
75%
the letters that appear more than once. V Yes
75%
the symbols that appear more than once. ( No
63%
the symbols that appear more than once. ) Yes
63%
the symbols that appear more than once. { No
63%
the symbols that appear more than once. [ No
63%
the symbols that appear more than once. } No
63%
the symbols that appear more than once. ] No
63%
the numbers that appear more than once. 37 Yes
63%
the numbers that appear more than once. 37 Yes
63%
the numbers that appear more than once. 48 Yes
63%
the numbers that appear more than once. 48 Yes
63%
the letters that appear more than once. A Yes
63%
the letters that appear more than once. A Yes
63%
the words that appear more than once. dares No
63%
the words that appear more than once. dear No
63%
the words that appear more than once. detest No
63%
the words that appear more than once. dressed No
63%
the words that appear more than once. eater No
63%
the words that appear more than once. rear No
63%
the words that appear more than once. rest No
63%
the words that appear more than once. restart No
63%
the words that appear more than once. rested No
63%
the words that appear more than once. start No
63%
the words that appear more than once. starter No
63%
the words that appear more than once. steer No
63%
the words that appear more than once. stressed No
63%
the letters that appear more than once. T Yes
63%
the words that appear more than once. tears No
63%
the words that appear more than once. trade No
63%
the words that appear more than once. traders No
63%
the words that appear more than once. trees No
63%
the numbers that appear more than once. 33 Yes
50%
the numbers that appear more than once. 33 Yes
50%
the words that appear more than once. desert No
50%
the words that appear more than once. dessert No
50%
the letters that appear more than once. H Yes
50%
the letters that appear more than once. H Yes
50%
the names that appear more than once. Madeline No
50%
the names that appear more than once. Madison No
50%
the names that appear more than once. Mali No
50%
the names that appear more than once. Malta No
50%
the names that appear more than once. Marty No
50%
the names that appear more than once. Mary No
50%
the names that appear more than once. Matthew No
50%
the names that appear more than once. Mauritania No
50%
the names that appear more than once. Maverick No
50%
the names that appear more than once. Max No
50%
the names that appear more than once. Maxwell No
50%
the names that appear more than once. Melody No
50%
the names that appear more than once. Michael Yes
50%
the names that appear more than once. Michael Yes
50%
the names that appear more than once. Michelle No
50%
the names that appear more than once. Michigan No
50%
the names that appear more than once. Miles No
50%
the names that appear more than once. Minnesota No
50%
the names that appear more than once. Mint No
50%
the names that appear more than once. Molly No
50%
the names that appear more than once. Montana No
50%
the words that appear more than once. stare Yes
38%
the words that appear more than once. stare Yes
38%
the words that appear more than once. stress Yes
38%
the words that appear more than once. stress Yes
38%
the symbols that appear more than once. # Yes
25%
the symbols that appear more than once. # Yes
25%
the names that appear more than once. Morgan Yes
25%
the words that appear more than once. trader Yes
25%
the words that appear more than once. trader Yes
25%
the names that appear more than once. Maria Yes
13%
the names that appear more than once. Maria Yes
13%
the names that appear more than once. Morgan Yes
13%
No matching quizzes found
Score Distribution
Percent of People with Each Score
Percentile by Number Answered
Your Score History
You have not taken this quiz